C++ Programming language (Record no. 12136)
[ view plain ]
| 000 -LEADER | |
|---|---|
| fixed length control field | 00368nam a22001577a 4500 |
| 003 - CONTROL NUMBER IDENTIFIER | |
| control field | OSt |
| 008 - FIXED-LENGTH DATA ELEMENTS--GENERAL INFORMATION | |
| fixed length control field | 231230b |||||||| |||| 00| 0 eng d |
| 020 ## - INTERNATIONAL STANDARD BOOK NUMBER | |
| International Standard Book Number | 9789356060135 |
| 082 ## - DEWEY DECIMAL CLASSIFICATION NUMBER | |
| Classification number | 005.133 STT |
| 100 ## - MAIN ENTRY--PERSONAL NAME | |
| Personal name | STROUSTRUP, Bjarne |
| 245 ## - TITLE STATEMENT | |
| Title | C++ Programming language |
| 250 ## - EDITION STATEMENT | |
| Edition statement | 4th Ed |
| 260 ## - PUBLICATION, DISTRIBUTION, ETC. (IMPRINT) | |
| Place of publication, distribution, etc | NEW DELHI |
| Name of publisher, distributor, etc | Pearson |
| Date of publication, distribution, etc | 2014 |
| 300 ## - PHYSICAL DESCRIPTION | |
| Extent | 1346 |
| 942 ## - ADDED ENTRY ELEMENTS (KOHA) | |
| Source of classification or shelving scheme | Dewey Decimal Classification |
| Koha item type | Text Books |
| Withdrawn status | Lost status | Source of classification or shelving scheme | Damaged status | Not for loan | Collection code | Home library | Current library | Date acquired | Source of acquisition | Currency | Cost, normal purchase price | Bill Number | Total Checkouts | Full call number | Acc. no. / Barcode | Date last seen | Actual Cost, discounted price | Bill Date | Koha item type | Date last borrowed |
|---|---|---|---|---|---|---|---|---|---|---|---|---|---|---|---|---|---|---|---|---|
| Dewey Decimal Classification | BCA | PIET C-LIBRARY | PIET C-LIBRARY | 23/12/2023 | Zafaa Books and Distributors | In rupees | 1200.00 | ZBD0296 | 005.133 STT | BC2138 | 30/12/2023 | 816.00 | 23/12/2023 | Reference Books | ||||||
| Dewey Decimal Classification | BCA | PIET C-LIBRARY | PIET C-LIBRARY | 23/12/2023 | Zafaa Books and Distributors | In rupees | 1200.00 | ZBD0296 | 2 | 005.133 STT | BC2139 | 08/04/2024 | 816.00 | 23/12/2023 | Text Books | 26/03/2024 | ||||
| Dewey Decimal Classification | BCA | PIET C-LIBRARY | PIET C-LIBRARY | 23/12/2023 | Zafaa Books and Distributors | In rupees | 1200.00 | ZBD0296 | 2 | 005.133 STT | BC2140 | 04/10/2024 | 816.00 | 23/12/2023 | Text Books | 20/09/2024 | ||||
| Dewey Decimal Classification | BCA | PIET C-LIBRARY | PIET C-LIBRARY | 23/12/2023 | Zafaa Books and Distributors | In rupees | 1200.00 | ZBD0296 | 005.133 STT | BC2141 | 30/12/2023 | 816.00 | 23/12/2023 | Text Books | ||||||
| Dewey Decimal Classification | BCA | PIET C-LIBRARY | PIET C-LIBRARY | 23/12/2023 | Zafaa Books and Distributors | In rupees | 1200.00 | ZBD0296 | 005.133 STT | BC2142 | 30/12/2023 | 816.00 | 23/12/2023 | Text Books |